Rother District Investments Ltd v Graham Frederick Corke, Stephen Gavin Orr and Josie Richards (Record no. 74162)
[ view plain ]
| 000 -LEADER | |
|---|---|
| fixed length control field | 01441cab a2200241 4500 |
| 001 - CONTROL NUMBER | |
| control field | ABS67527 |
| 008 - FIXED-LENGTH DATA ELEMENTS--GENERAL INFORMATION | |
| fixed length control field | 040220n2004 000 0 eng u |
| 035 ## - SYSTEM CONTROL NUMBER | |
| System control number | (Sirsi) u125210 |
| 245 ## - TITLE STATEMENT | |
| Title | Rother District Investments Ltd v Graham Frederick Corke, Stephen Gavin Orr and Josie Richards |
| 260 ## - PUBLICATION, DISTRIBUTION, ETC. | |
| -- | 2004 |
| 490 ## - SERIES STATEMENT | |
| Series statement | Estates Gazette |
| Volume/sequential designation | [2004] 13 EG 128-131(4) |
| 520 ## - SUMMARY, ETC. | |
| Summary, etc. | [2004] EWHC 14 (Ch), 20 January 2004. Appellant claimant (R) sought to recover from the defendant tenants C and others under the sublease sums due in respect of the period prior to the date that R took possession. R appealed against County Court decision that in taking possession of the property and gaining a new sublease had brought to an end the sublease prior to R's obtaining title to the headlease on registration. County Court decision upheld. R was not entitled to the sums it claimed. Paragraphs 10 to 16 of judgment sum up the reasons for dismissing appeal. View judgment at www.bailii.org. |
| 590 ## - LOCAL NOTE (RLIN) | |
| Local note | ABS |
| 650 ## - SUBJECT ADDED ENTRY--TOPICAL TERM | |
| Topical term or geographic name entry element | ROTHER DISTRICT INVESTMENTS LTD V CORKE AND OTHERS |
| 650 ## - SUBJECT ADDED ENTRY--TOPICAL TERM | |
| Topical term or geographic name entry element | FORFEITURE |
| 650 ## - SUBJECT ADDED ENTRY--TOPICAL TERM | |
| Topical term or geographic name entry element | LAW OF PROPERTY ACT 1925 S141 |
| 650 ## - SUBJECT ADDED ENTRY--TOPICAL TERM | |
| Topical term or geographic name entry element | PEACEABLE RE-ENTRY |
| 650 ## - SUBJECT ADDED ENTRY--TOPICAL TERM | |
| Topical term or geographic name entry element | RENT ARREARS |
| 650 ## - SUBJECT ADDED ENTRY--TOPICAL TERM | |
| Topical term or geographic name entry element | REGISTERED TITLE |
| 690 ## - LOCAL SUBJECT ADDED ENTRY--TOPICAL TERM (OCLC, RLIN) | |
| Topical term or geographic name as entry element | LANDLORD AND TENANT-BUSINESS TENANCIES-CASE LAW |
| 856 ## - ELECTRONIC LOCATION AND ACCESS | |
| Uniform Resource Identifier | <a href="https://www.bailii.org/cgi-bin/markup.cgi?doc=/ew/cases/EWHC/Ch/2004/14.html">https://www.bailii.org/cgi-bin/markup.cgi?doc=/ew/cases/EWHC/Ch/2004/14.html</a> |
| Public note | View judgment on the BAILII website... |
| 942 ## - ADDED ENTRY ELEMENTS (KOHA) | |
| Suppress in OPAC | 0 |
| Withdrawn status | Lost status | Source of classification or shelving scheme | Damaged status | Not for loan | Home library | Current library | Shelving location | Date acquired | Total Checkouts | Full call number | Barcode | Date last seen | Copy number | Price effective from | Koha item type |
|---|---|---|---|---|---|---|---|---|---|---|---|---|---|---|---|
| Dewey Decimal Classification | London | London | Journal article | 20/02/2004 | ABS67527 | 125210-1001 | 06/08/2019 | 1 | 06/08/2019 | Law report |